| 000 | 00968na a2200301 4500 | ||
|---|---|---|---|
| 001 | 23633 | ||
| 003 | MIRAKIL | ||
| 005 | 20181213155321.0 | ||
| 008 | 180108b tu 000 0 | ||
| 020 | _a97860554579020 | ||
| 040 |
_aMilas _btur _cTR-AnCHP |
||
| 041 | _atur | ||
| 082 |
_a304.8 _bD32g 2011 |
||
| 090 | _a304.8 D32g 2011 | ||
| 100 | _aDedeoğlu, Saniye | ||
| 245 |
_aGöç ve sosyal dışlanma _bTürkiye'de yabancı göçmen kadınlar _cSaniye Dedeoğlu, Çisel Ekiz Gökmen |
||
| 246 | _aTürkiye'de yabancı göçmen kadınlar | ||
| 260 |
_aAnkara _bEfil Yayınevi _c2011 _fAyrıntı Basım Yayım |
||
| 300 |
_a212 s. _c24 sm. |
||
| 490 |
_aEfil Yayınevi _v133 |
||
| 504 | _aKaynakça var. | ||
| 650 |
_aKadın göçmenler _xTürkiye |
||
| 650 |
_aGöç ve göçmenler _xTürkiye |
||
| 650 |
_aGöç _xToplumsal açı _zTürkiye |
||
| 700 | _aGökmen, Çisel Ekiz | ||
| 740 | _aTürkiye'de yabancı göçmen kadınlar | ||
| 942 |
_2dcc _cBKS |
||
| 999 |
_c10434 _d10434 |
||